A Course in Thermal Engineering (Record no. 6806)
[ view plain ]
| 000 -LEADER | |
|---|---|
| fixed length control field | 00416nam a2200169Ia 4500 |
| 008 - FIXED-LENGTH DATA ELEMENTS--GENERAL INFORMATION | |
| fixed length control field | 221030s9999 xx 000 0 und d |
| 020 ## - INTERNATIONAL STANDARD BOOK NUMBER | |
| ISBN | 8177000217 |
| 041 ## - LANGUAGE CODE | |
| Language code of text/sound track or separate title | |
| 082 ## - DEWEY DECIMAL CLASSIFICATION NUMBER | |
| Classification number | 105.23 |
| Item number | Dom |
| 100 ## - MAIN ENTRY--AUTHOR NAME | |
| Personal name | S. Domkundwar |
| 245 #2 - TITLE STATEMENT | |
| Title | A Course in Thermal Engineering |
| 260 ## - PUBLICATION, DISTRIBUTION, ETC. (IMPRINT) | |
| Name of publisher | Dhanpat Rai Pub |
| Place of publication | New Delhi |
| Year of publication | 2001 |
| 300 ## - PHYSICAL DESCRIPTION | |
| Number of Pages | 32.12 |
| 650 ## - SUBJECT ADDED ENTRY--TOPICAL TERM | |
| Topical Term | Mechanical |
| 700 ## - ADDED ENTRY--PERSONAL NAME | |
| Personal name | C. P. Kothandaraman |
| 942 ## - ADDED ENTRY ELEMENTS (KOHA) | |
| Koha item type | Books |
| Accession Number | Cost, normal purchase price | Full call number | Price effective from | Koha item type | Withdrawn / writtenoff status | Materials specified (bound volume or other part) | Damaged status | Not for loan | Permanent Location | Current Location | Shelving location | Date acquired | Lost/ Missing status | department |
|---|---|---|---|---|---|---|---|---|---|---|---|---|---|---|
| BE 2347 | 200.00 | 105.23 Dom | 10/30/2022 | Books | Not For Loan | MIET Library, Jammu | MIET Library, Jammu | BL-Second, FL-1, CUP-71, SH-2, R-2 | 01/16/2001 | BE | ||||
| BE 2348 | 200.00 | 105.23 Dom | 10/30/2022 | Books | MIET Library, Jammu | MIET Library, Jammu | BL-Academic Block C, FL-2, CUP-4, SH-5, R-5 | 01/16/2001 | BE | |||||
| BE 2837 | 210.00 | 105.23 Dom | 10/30/2022 | Books | MIET Library, Jammu | MIET Library, Jammu | BL-Academic Block- A, FL-1, CUP-4, SH-5, R-5 | 03/10/2001 | BE | |||||
| BE 2838 | 210.00 | 105.23 Dom | 10/30/2022 | Books | MIET Library, Jammu | MIET Library, Jammu | BL-Academic Block- C, FL-2, CUP-4, SH-5, R-5 | 03/10/2001 | BE | |||||
| BE 2839 | 210.00 | 105.23 Dom | 10/30/2022 | Books | Not For Loan | MIET Library, Jammu | MIET Library, Jammu | BL-Second, FL-1, CUP-71, SH-1, R-1 | 03/10/2001 | BE | ||||
| BE 2840 | 210.00 | 105.23 Dom | 10/30/2022 | Books | MIET Library, Jammu | MIET Library, Jammu | BL-Academic Block C, FL-2, CUP-4, SH-5, R-5 | 03/10/2001 | BE | |||||
| BE 2841 | 210.00 | 105.23 Dom | 10/30/2022 | Books | Not For Loan | MIET Library, Jammu | MIET Library, Jammu | BL-Second, FL-1, CUP-71, SH-2, R-2 | 03/10/2001 | BE | ||||
| BE 2842 | 210.00 | 105.23 Dom | 10/30/2022 | Books | MIET Library, Jammu | MIET Library, Jammu | BL-Academic Block- C, FL-2, CUP-4, SH-5, R-5 | 03/10/2001 | BE |